| 000 | 00427nam a22001337a 4500 | ||
|---|---|---|---|
| 008 | 220607b |||||||| |||| 00| 0 eng d | ||
| 020 | _a02547494 | ||
| 245 |
_aEnvironmental Assessment Sourcebook/ _cEnvironmental department |
||
| 260 |
_aWashington, D.C. _bThe World bank _c1991 |
||
| 300 | _axv, 227p. | ||
| 650 |
_aEconomic development _vEnvironmental aspects |
||
| 650 | _aEnvironmental impact analysis | ||
| 942 |
_2lcc _cBK |
||
| 999 |
_c19336 _d19335 |
||